000 03029nam a2200373 a 4500
003 OSt
005 20240814143310.0
007 cr ||||||a|c|a
008 240814s2024 mx a|||fom||| 001 0 spa d
040 _erda
100 1 _aChávez Salinas, Nora
_9189415
245 1 0 _aImpacto ambiental de tres métodos de resinación, en Santiago Textitlán, Oaxaca /
_cpor Nora Chávez Salinas; director de tesis J. Carmen Ayala Sosa; secretario María Amparo Máxima Borja de la Rosa; vocal Jesús Manuel Cabrera Delgado ; suplente David García Cíntora; suplente David Mohedano Caballero.
264 1 _aChapingo, México :
_bEl autor,
_c2024.
300 _a1 recurso en línea ( 73 páginas):
_bcuadros, figuras, tablas.
336 _2rdacontent
_atexto
_btxt
337 _2rdamedia
_acomputadora
_bc
338 _2rdacarrier
_arecurso en línea
_bcr
502 _bIF
_cDICIFO
_d2024.
_gLIC
504 _aIncluye referencias bibliográficas: páginas 53-54.
520 _aEn la comunidad de Buena Vista, municipio Santiago Textitlán, estado de Oaxaca se realizó la aplicación de tres métodos de resinación con el objetivo de evaluar el impacto ambiental generado por la aplicación de estimulantes químicos. Los métodos empleados fueron el Francés como método testigo, Borehole y Pica de Corteza. Los resultados del análisis de la producción en cada uno de los métodos es que de los tres métodos el mejor para ser aplicado en la zona de la comunidad de Buena Vista es el Pica de Corteza que tuvo una producción promedio de 3.14 Kg por árbol en un tiempo de aprovechamiento de 352 días. De la evaluación del impacto ambiental las actividades que más impactan al aplicar el método es la aplicación del estimulante y el descortezado, sobre todas las otras actividades que implica el método Pica de Corteza, actividades que son reversibles a mediano plazo. Con el paso de los días, el árbol al que se le aplicó estimulante químico no muestra cambios físicos de un impacto mayor; la MAPIA (Máxima Área de Posible Impacto Ambiental) no muestra un área de impacto mayor al 1% del total del área intervenida y en esta área el pH no se ve afectado por la aplicación del estimulante y los químicos que puedan desprenderse de este y caer al suelo.
650 4 _aArboles
_xRegeneración
_96642
650 4 _aArboles
_xCrecimiento
_96583
650 4 _aProductos químicos
_xEvaluación
_9125601
650 4 _aImpacto ambiental
_xEvaluación
_9131414
650 4 _aArboles
_xEfecto del medio ambiente
_96595
650 4 _aResinación
_996122
700 1 _aAyala Sosa, J. Carmen
_98980
_eDirector de tesis.
700 1 _aBorja de la Rosa, María Amparo Máxima
_913880
_eSecretario.
700 1 _aCabrera Delgado, Jesús Manuel
_916657
_eVocal.
700 1 _aGarcía Cíntora, David
_945867
_eSuplente.
700 1 _aMohedano Caballero, Leopoldo
_977285
_eSuplente.
856 _uhttp://10.13.5.2/tesis/tl/1210430-1_CHAVEZ_SALINAS_NORA.pdf
_zDESCARGAR PDF
942 _2Clasificación Universidad Autónoma Chapingo
_cTD
999 _c220075
_d220075